00708cam a22002291a 4500001001300000003000400013005001700017008004100034010001700075035001900092040002700111042001200138050001500150060002200165100003000187245008000217260004700297300003400344440003200378504005100410999001700461med48000474 DLC20260227111609.0820312s1947 nyuafo b 001 0 eng  amed48000474  a(OCoLC)8241315 aDLCcTxHMCdTxHMCdDLC apremarc00aRC851b.M6 aWI 703 M935j 19471 aMovitt, Eli Rodin,d1907-10aJaundice :bits pathogensis and differential diagnosis /cEli Rodin Movitt. aNew York :bOxford University Press,c1947 axvi, 261 p. :bill. ;c25 cm. 0aOxford medical publications aIncludes bibliographical references and index. c38890d38890